| Поле | Название | Значение |
| |
Тип записи |
a |
| |
Библиографический уровень |
m |
| 001 |
Контрольный номер |
09f90bf96af141b9b9dafd9b695f1cb8 |
| 005 |
Дата корректировки |
20150910130946.5 |
| 200 |
Заглавие и сведения об ответственности |
1_ |
| a |
Заглавие |
Международное частное право и сравнительное правоведение |
| b |
Общее обозначение материала |
Текст |
| e |
Сведения, относящиеся к заглавию |
учебный курс |
| f |
Первые сведения об ответственности |
пер с нем. Ю. М. Юмашева |
| 210 |
Выходные данные |
1_ |
| a |
Место издания |
М. |
| c |
Издательство |
Международные отношения |
| d |
Дата издания |
2001 |
| 215 |
Физическое описание |
__ |
| a |
Объем |
480 с. |
| 330 |
Аннотация |
__ |
| a |
Аннотация |
В книге использовали нетрадиционный подход к изложению комплекса проблем международного частного права на основе глубокого анализа его принципов, законодательства и практики применения в разных странах. |
| 606 |
Тематические рубрики |
__ |
| a |
Основная рубрика |
Международное право |
| 610 |
Ключевые слова |
0_ |
| a |
Ключевые слова |
правоведение, международное частное право |
| 686 |
Индексы других классификаций |
__ |
| a |
Классификационный индекс |
67.93 |
| 2 |
Код системы |
rubbk |
| 700 |
Автор |
_1 |
| a |
Фамилия |
Кох |
| b |
Имя |
Х. |
| 701 |
Альтернативная интеллектуальная ответственность |
_1 |
| a |
Фамилия |
Магнус |
| b |
Имя |
У. |
| 701 |
Альтернативная интеллектуальная ответственность |
_1 |
| a |
Фамилия |
Винклер фон Моренфельс |
| 852 |
Данные о местонахождении |
__ |
| i |
Авторский знак |
К 75 |
| j |
Шифр хранения |
67.93 |
| 938 |
Служебная информация |
__ |
| a |
Название организации |
Волгоградский филиал |
| b |
Имя БД |
Каталог_ВКИ |
| c |
Название АИБС |
АИБС МАРК-SQL |